| 000 | 00819nam a22002297a 4500 | ||
|---|---|---|---|
| 999 |
_c145957 _d145957 |
||
| 005 | 20181031143320.0 | ||
| 010 | _a1718EN-30 ENG-124422 | ||
| 020 |
_a9780670089611 _c299.00 |
||
| 035 | _aB-683557-558 EN-107954 | ||
| 037 |
_bBSB _adpl |
||
| 037 | _bDBAD/PUB. | ||
| 082 | _a821 | ||
| 100 | _aGulzar | ||
| 245 |
_aSuspected poems / _cby Gulzar ;translated by Pavan K. Verma |
||
| 260 |
_aGurgaon _bPenguin _c2017 |
||
| 270 |
_a7th Floor, Infinity Tower C, DLF Cyber City, _bGurgaon _e122002 |
||
| 300 |
_axvii,135p. _c21cm(Hb) |
||
| 500 | _aIncludes index | ||
| 700 | _aVerma, Pavan K. | ||
| 942 |
_2ddc _cEN _mGUL _h821 |
||